Factbook of Indian Culture/ (Record no. 207575)

MARC details
000 -LEADER
fixed length control field 00761nam a22002177a 4500
005 - DATE AND TIME OF LATEST TRANSACTION
control field 20260209103530.0
010 ## - LCCN (DPL NO)
LC control number DEC24SC ENG-142951 ENG-146361
020 ## - INTERNATIONAL STANDARD BOOK NUMBER
International Standard Book Number 9789355017031
Terms of availability 225.00
035 ## - SYSTEM CONTROL NUMBER
System control number EN-126483
035 ## - SYSTEM CONTROL NUMBER
System control number EN-129893
037 ## - SOURCE OF ACQUISITION
Source of stock number/acquisition DBAD
082 ## - DEWEY DECIMAL CLASSIFICATION NUMBER
Classification number 709.54
Edition number 1
100 ## - MAIN ENTRY--PERSONAL NAME
Personal name Singh Pavneet
245 ## - TITLE STATEMENT
Title Factbook of Indian Culture/
Statement of responsibility, etc By Pavneet Singh
250 ## - EDITION STATEMENT
Edition statement 1
260 ## - PUBLICATION, DISTRIBUTION, ETC. (IMPRINT)
Place of publication, distribution, etc New Delhi
Name of publisher, distributor, etc S Chand and Company Limited
Date of publication, distribution, etc 2023
270 ## - ADDRESS
Address A-27, 2nd Floor, Mohan Co-operative Industrial Estate
City New Delhi
Postal code 110044
Electronic mail address info@schandpublishing.com
Telephone number 011-49731800
300 ## - PHYSICAL DESCRIPTION
Extent x,182p.
Dimensions 23cm(pb)
500 ## - GENERAL NOTE
General note For UPSC Civil Services Preliminary and Other State PSC Examinations/
942 ## - ADDED ENTRY ELEMENTS (KOHA)
Source of classification or shelving scheme Dewey Decimal Classification
Item type English Books
Classification part 709.54
Call number suffix PAV
Edition 1
Holdings
Withdrawn status Lost status Not for loan Collection code Home library Current library Date acquired Source of acquisition Cost, normal purchase price Full call number Barcode Copy number Cost, replacement price Koha item type
      Non-fiction RC3 Aruna Nagar RC3 Aruna Nagar 11/12/2024 Delivery of Books Division 225.00 709.54 PAV EN-129893 1 225.00 English Books

© Delhi Public Library
Hit Counter
free hit counter